Spätes Tagebuch : Theresienstadt, Auschwitz, Dachau / Max Mannheimer ; Mit... Anmerkungen von Wolfgang Benz ; und einem Nachwort von Ernst Piper
Record details
- ISBN: 3-85842-374-2
- Physical Description: 127 s. : il. ; 19 cm
- Edition: 4. Aufl.
- Publisher: Zürich : Pendo, 2001, c2000
Content descriptions
| Bibliography, etc. Note: | Obsahuje bibliografii |
Search for related items by subject
| Subject: | Mannheimer, Max, 1920-2016 koncentrační tábory > Evropa > 1939-1945 Židé > perzekuce > 1939-1945 holocaust (1939-1945) |
| Genre: | vzpomínky autobiografie |
Search for related items by series
Available copies
- 1 of 1 copy available at Common Catalog SPOK.
Holds
- 0 current holds with 1 total copy.
Show Only Available Copies
| Location | Call Number / Copy Notes | Barcode | Shelving Location | Status | Due Date |
|---|---|---|---|---|---|
| Terezin Initiative Institute | 2826 | 4594302826 | Knihovna ITI | Available | - |
| LDR | 01542nam a2200457 a 4500 | ||
|---|---|---|---|
| 001 | 49650 | ||
| 003 | CZ-PrJAB | ||
| 005 | 20220803084046.0 | ||
| 007 | tu | ||
| 008 | 020322t20012000sz a e 000 mager | ||
| 020 | . | ‡a3-85842-374-2 ‡q(brož.) | |
| 035 | . | ‡a(CZ PrNK)zpk20021066089 | |
| 040 | . | ‡aABA001 ‡bcze | |
| 043 | . | ‡ae------ | |
| 045 | . | ‡ax3x4 | |
| 072 | 7. | ‡a929 ‡xBiografie ‡2Konspekt ‡98 | |
| 080 | . | ‡a323.28 ‡2MRF | |
| 080 | . | ‡a323.12 ‡2MRF | |
| 080 | . | ‡a343.819.5 ‡2MRF | |
| 080 | . | ‡a(=411.16) ‡2MRF | |
| 080 | . | ‡a(4) ‡2MRF | |
| 080 | . | ‡a(092) ‡2MRF | |
| 080 | . | ‡a(0:82-94) ‡2MRF | |
| 100 | 1 | . | ‡aMannheimer, Max, ‡d1920-2016 ‡7jn19990005366 ‡4aut |
| 245 | 1 | 0. | ‡aSpätes Tagebuch : ‡bTheresienstadt, Auschwitz, Dachau / ‡cMax Mannheimer ; Mit... Anmerkungen von Wolfgang Benz ; und einem Nachwort von Ernst Piper |
| 250 | . | ‡a4. Aufl. | |
| 260 | . | ‡aZürich : ‡bPendo, ‡c2001, c2000 | |
| 300 | . | ‡a127 s. : ‡bil. ; ‡c19 cm | |
| 490 | 1 | . | ‡aGeschichte des 20. Jahrhunderts |
| 504 | . | ‡aObsahuje bibliografii | |
| 600 | 1 | 7. | ‡aMannheimer, Max, ‡d1920-2016 ‡7jn19990005366 ‡2czenas |
| 648 | 7. | ‡a1939-1945 ‡7ch460653 ‡2czenas | |
| 650 | 0 | 7. | ‡akoncentrační tábory ‡7ph121782 ‡zEvropa ‡y1939-1945 ‡2czenas |
| 650 | 0 | 7. | ‡aŽidé ‡7ph127782 ‡xperzekuce ‡y1939-1945 ‡2czenas |
| 650 | 0 | 7. | ‡aholocaust (1939-1945) ‡7ph117203 ‡2czenas |
| 655 | 7. | ‡avzpomínky ‡7fd133830 ‡2czenas | |
| 655 | 7. | ‡aautobiografie ‡7fd131855 ‡2czenas | |
| 700 | 1 | . | ‡aBenz, Wolfgang, ‡d1941- ‡7jn20010601332 ‡4cwt |
| 700 | 1 | . | ‡aPiper, Ernst ‡4aui |
| 830 | 0. | ‡aGeschichte des 20. Jahrhunderts | |
| 910 | . | ‡aABE340 ‡b2826 | |
| 995 | . | ‡aska | |
| 901 | . | ‡a49650 ‡bAUTOGEN ‡c49650 ‡tbiblio | |